000 00709nam a2200289Ia 4500
005 20260324132649.0
008 008 260324s9999 xx 000 0 eng d
020 _a9780203561546
037 _aEBOOK
040 _aCRL
040 _beng
040 _cCRL
041 _2eng
041 _aeng
084 _qCRL
100 _aLois Addy; Gill Dixon
_91190150
245 0 _aMaking Inclusion Work for Children with Dyspraxia
245 0 _bPractical Strategies for Teachers
260 _bTaylor and Francis
260 _c2004
365 _a
365 _b205
856 _uhttp://www.taylorfrancis.com/books/9780203561546
942 _cEBOOK
999 _c1788451
_d1788451